| 000 | 00954nas a2200301 4500 | ||
|---|---|---|---|
| 001 | BR2012000131 | ||
| 003 | BR-BrBNA | ||
| 005 | 20231205115923.0 | ||
| 007 | ta | ||
| 008 | 230509b bl.|||p| |||| 00| 00por d | ||
| 040 |
_aBR-BrBNA _bpor _cBiblioteca Nacional de Agricultura |
||
| 041 | _a(En) | ||
| 072 | _aL73 | ||
| 100 | 1 | _aSantos, R.S. | |
| 100 | 1 | _aRoumbedakis, K. | |
| 100 | 1 | _aMarengoni, N.G. | |
| 100 | 1 | _aTakahashi, H.K. | |
| 100 | 1 | _aPimenta, F.D.A. | |
| 100 | 1 | _aMelo, C.M.R. | |
| 100 | 1 | _aMartins, M.L. | |
| 245 | 1 | _aProteocephalid cestode infection in tucunaré Cichla sp. (Osteichthyes: Cichlidae)from Paraná River, São Paulo | |
| 650 | _aTUCUNARÉ | ||
| 650 | _aPARASITA | ||
| 650 | _aCESTOIDE | ||
| 773 | 0 |
_tArquivo Brasileiro de Medicina Veterinária e Zootecnia (Brazil) _xISSN 0102-0935 _g(Jun 2011), v. 63(3) p. 63(3) p. 584-590 _wBR2012000131 |
|
| 909 |
_a202311 _bLúcia _c55 _dLúcia Elande |
||
| 942 |
_2AGRIS _n0 _cANA |
||
| 999 |
_c216305 _d216305 |
||